| 000 | 00646nam a22001577a 4500 | ||
|---|---|---|---|
| 003 | OSt | ||
| 005 | 20151005092822.0 | ||
| 008 | 151005b xxu||||| |||| 00| 0 eng d | ||
| 040 | _cRUA | ||
| 082 | _aAVM MIT 2002 B073 Or.1 | ||
| 100 |
_92021 _aMITH, SOKPAO. |
||
| 245 | _aThe effect of cassava foliage on the intestinal parasites popupation in growing goats (ឥទ្ធិពលរបស់ស្លឺកដំឡូងមីស្រស់លើបរាសិតក្នុងពោះវៀននៃពពែកំពុងលូតលាស់) | ||
| 260 |
_aPhnom Penh _bRUA _c2002 |
||
| 300 |
_avii, 34p. _bill. _c29cm. |
||
| 942 |
_2ddc _cAVM |
||
| 999 |
_c1910 _d1910 |
||